Vedecké práce Výskumného ústavu pôdoznalectva a výživy rastlín v Bratislave 10

Guardado en:
Detalles Bibliográficos
Formato: Libro
Lenguaje:eslovaco
Publicado: Bratislava Príroda 1981
Etiquetas: Agregar Etiqueta
Sin Etiquetas, Sea el primero en etiquetar este registro!

MARC

LEADER 00000nam a2200000 4500
001 c131152
005 20250702080540.4
041 0 |a slo 
044 |a SK 
245 1 0 |a Vedecké práce Výskumného ústavu pôdoznalectva a výživy rastlín v Bratislave 10 
264 1 |a Bratislava  |b Príroda  |c 1981 
300 |a 212 s.